Hirey Aur Moti (Record no. 148022)
[ view plain ]
| 000 -LEADER | |
|---|---|
| fixed length control field | 00566nam a2200217Ia 4500 |
| 003 - CONTROL NUMBER IDENTIFIER | |
| control field | OSt |
| 005 - DATE AND TIME OF LATEST TRANSACTION | |
| control field | 20260224113317.0 |
| 008 - FIXED-LENGTH DATA ELEMENTS--GENERAL INFORMATION | |
| fixed length control field | 210210b1957 xxu||||| |||| 00| 0 eng d |
| 040 ## - CATALOGING SOURCE | |
| Transcribing agency | AL |
| 041 ## - LANGUAGE CODE | |
| Language code of text/sound track or separate title | Hindi |
| 082 ## - DEWEY DECIMAL CLASSIFICATION NUMBER | |
| Classification number | 861/100 |
| 100 ## - MAIN ENTRY--PERSONAL NAME | |
| Personal name | KHALEEL (Jibran) |
| Dates associated with a name | खलील जिब्रान |
| 9 (RLIN) | 256493 |
| 245 ## - TITLE STATEMENT | |
| Title | Hirey Aur Moti |
| Remainder of title | हीरे और मोती |
| 260 ## - PUBLICATION, DISTRIBUTION, ETC. | |
| Place of publication, distribution, etc. | IllAhAbAd |
| Name of publisher, distributor, etc. | - |
| Date of publication, distribution, etc. | 1957 |
| 650 ## - SUBJECT ADDED ENTRY--TOPICAL TERM | |
| Topical term or geographic name entry element | mOti |
| 9 (RLIN) | 256494 |
| 650 ## - SUBJECT ADDED ENTRY--TOPICAL TERM | |
| Topical term or geographic name entry element | HIre |
| 9 (RLIN) | 256495 |
| 650 ## - SUBJECT ADDED ENTRY--TOPICAL TERM | |
| Topical term or geographic name entry element | aur |
| 9 (RLIN) | 256496 |
| 690 ## - LOCAL SUBJECT ADDED ENTRY--TOPICAL TERM (OCLC, RLIN) | |
| Topical term or geographic name as entry element | Hindi Poetry |
| 9 (RLIN) | 256497 |
| 906 ## - LOCAL DATA ELEMENT F, LDF (RLIN) | |
| a | 023120 |
| 942 ## - ADDED ENTRY ELEMENTS (KOHA) | |
| Source of classification or shelving scheme | Dewey Decimal Classification |
| Koha item type | Book |
| Withdrawn status | Lost status | Source of classification or shelving scheme | Damaged status | Not for loan | Collection code | Home library | Current library | Shelving location | Date acquired | Cost, normal purchase price | Total Checkouts | Full call number | Barcode | Date last seen | Price effective from | Koha item type |
|---|---|---|---|---|---|---|---|---|---|---|---|---|---|---|---|---|
| Dewey Decimal Classification | Hindi | St Aloysius Library | St Aloysius Library | 02/17/2021 | 0.00 | 861/100 | 023120 | 02/17/2021 | 02/17/2021 | Book |